Normal view
MARC view
- Muhammad Aftab Akram
Entry Personal Name
001 - CONTROL NUMBER
- control field: 54758
003 - CONTROL NUMBER IDENTIFIER
- control field: NUST
005 - DATE AND TIME OF LATEST TRANSACTION
- control field: 20210421120033.0
008 - FIXED-LENGTH DATA ELEMENTS
- fixed length control field: 210421|| aca||aabn | a|a d
040 ## - CATALOGING SOURCE
- Original cataloging agency: NUST
- Transcribing agency: NUST
100 ## - HEADING--PERSONAL NAME
- Personal name: Muhammad Aftab Akram
670 ## - SOURCE DATA FOUND
- Source citation: Work cat.: (NUST): Muhammad Aftab Akram , Microwave Assisted Synthesis of Hydroxyapation Reinforced With Carbon Nanotubes for Load Bearing Orthopedic Application, 2010
